<?xml version="1.0" encoding="UTF-8"?><?xml-stylesheet type="text/xsl" href="static/style.xsl"?><OAI-PMH xmlns="http://www.openarchives.org/OAI/2.0/" xmlns:xsi="http://www.w3.org/2001/XMLSchema-instance" xsi:schemaLocation="http://www.openarchives.org/OAI/2.0/ http://www.openarchives.org/OAI/2.0/OAI-PMH.xsd"><responseDate>2026-04-28T23:45:16Z</responseDate><request verb="GetRecord" identifier="oai:uvadoc.uva.es:10324/5571" metadataPrefix="marc">https://uvadoc.uva.es/oai/request</request><GetRecord><record><header><identifier>oai:uvadoc.uva.es:10324/5571</identifier><datestamp>2022-03-16T09:23:24Z</datestamp><setSpec>com_10324_38</setSpec><setSpec>col_10324_852</setSpec></header><metadata><record xmlns="http://www.loc.gov/MARC21/slim" xmlns:doc="http://www.lyncode.com/xoai" xmlns:xsi="http://www.w3.org/2001/XMLSchema-instance" xmlns:dcterms="http://purl.org/dc/terms/" xsi:schemaLocation="http://www.loc.gov/MARC21/slim http://www.loc.gov/standards/marcxml/schema/MARC21slim.xsd">
<leader>00925njm 22002777a 4500</leader>
<datafield tag="042" ind1=" " ind2=" ">
<subfield code="a">dc</subfield>
</datafield>
<datafield tag="720" ind1=" " ind2=" ">
<subfield code="a">San Miguel Pérez, Laura</subfield>
<subfield code="e">author</subfield>
</datafield>
<datafield tag="260" ind1=" " ind2=" ">
<subfield code="c">2014</subfield>
</datafield>
<datafield tag="520" ind1=" " ind2=" ">
<subfield code="a">¿Por qué existe gente dispuesta a pagar más de 5 € por un café de Starbucks? ¿Y más de 3.000 € por un Mac Pro de Apple? ¿Por qué Nike es la marca asociada al deporte por excelencia? ¿Cómo nos aporta “felicidad” Coca-Cola?&#xd;
Este trabajo de investigación estudia y analiza la importancia de la gestión de una marca. Actualmente existe un contexto económico, tecnológico y social, donde los productos cada vez son más avanzados y sismilares unos a otros. Por ello lo que les diferencia es el mundo experiencial que rodea la marca, un valor en términos de posicionamiento y de valor intengible asociado a la misma.&#xd;
Por tanto, este estudio analiza los factores clave que influyen en el proceso de creación de valor para una marca, y se analizan casos de estudio para evaluar las buenas o malas decisiones tomadas que han repercutido en el éxito o fracaso de una marca.</subfield>
</datafield>
<datafield tag="024" ind2=" " ind1="8">
<subfield code="a">http://uvadoc.uva.es/handle/10324/5571</subfield>
</datafield>
<datafield ind1=" " ind2=" " tag="653">
<subfield code="a">Marcas de comercio - Marketing</subfield>
</datafield>
<datafield tag="245" ind1="0" ind2="0">
<subfield code="a">Gestión de marca – Brand Management</subfield>
</datafield>
</record></metadata></record></GetRecord></OAI-PMH>